|
|
|
|
| LEADER |
01663nam a2200313 a 4500 |
| 001 |
14474232 |
| 008 |
060731s2007 flua b 001 0 eng d |
| 010 |
|
|
|a \\2006025111
|
| 020 |
|
|
|a 1574447165
|
| 020 |
|
|
|a 9781574447163
|
| 040 |
|
|
|a DLC
|c DLC
|d BAKER
|d UKM
|d C#P
|d YDX
|d YDXCP
|d DLC
|d BD-DhAAL
|
| 082 |
0 |
0 |
|a 621.31/7
|2 22
|
| 100 |
1 |
|
|a Blackburn, J. Lewis,
|d 1913-
|
| 245 |
1 |
0 |
|a Protective relaying :
|b principles and applications /
|c J. Lewis Blackburn, Thomas J. Domin.
|
| 250 |
|
|
|a 3rd ed.
|
| 260 |
|
|
|a Boca Raton, FL :
|b CRC Press,
|c c2007.
|
| 300 |
|
|
|a 633 p. :
|b ill. ;
|c 24 cm.
|
| 490 |
0 |
|
|a Power engineering ;
|v 30
|
| 504 |
|
|
|a Includes bibliographical references and index.
|
| 541 |
1 |
|
|e 00020515
|
| 650 |
|
0 |
|a Protective relays.
|
| 700 |
1 |
|
|a Domin, Thomas J.
|
| 852 |
4 |
|
|a Ayesha Abed Library
|j General Shelf
|
| 999 |
|
|
|c 9090
|d 9090
|
| 952 |
|
|
|0 0
|1 4
|2 ddc
|4 0
|6 621_317000000000000_BLA
|7 0
|9 11284
|a BRACUL
|b BRACUL
|c GEN
|d 2010-06-28
|l 0
|o 621.317 BLA
|p 3010020515
|r 2010-06-28
|t 1
|w 2010-06-28
|y BK
|x Koha Inventory 2020
|
| 952 |
|
|
|0 0
|1 0
|2 ddc
|4 0
|6 621_317000000000000_BLA_2007
|7 0
|9 11285
|a BRACUL
|b BRACUL
|c GEN
|d 2010-06-28
|l 0
|o 621.317 BLA
|p 3010020516
|r 2010-06-28
|t 2
|w 2010-06-28
|y BK
|
| 952 |
|
|
|0 0
|1 0
|2 ddc
|4 0
|6 621_317000000000000_BLA_2007
|7 0
|9 11286
|a BRACUL
|b BRACUL
|c GEN
|d 2010-06-28
|l 1
|m 1
|o 621.317 BLA
|p 3010020517
|r 2012-12-08
|s 2012-09-09
|t 3
|w 2010-06-28
|y BK
|
| 952 |
|
|
|0 0
|1 0
|2 ddc
|4 0
|6 621_317000000000000_BLA_2007
|7 0
|9 11287
|a BRACUL
|b BRACUL
|c GEN
|d 2010-06-28
|l 0
|o 621.317 BLA
|p 3010020518
|r 2010-06-28
|t 4
|w 2010-06-28
|y BK
|
| 952 |
|
|
|0 0
|1 0
|2 ddc
|4 0
|6 621_317000000000000_BLA_2007
|7 0
|9 11288
|a BRACUL
|b BRACUL
|c GEN
|d 2010-06-28
|l 0
|o 621.317 BLA
|p 3010020519
|r 2010-06-28
|t 5
|w 2010-06-28
|y BK
|